000 00536nam a2200229Ia 4500
003 OSt
005 20221007082547.0
006 a|||||r|||| 00| 0
007 ta
008 221006b |||||||| |||| 00| 0 eng d
024 _a21,022
037 _cTextual
040 _aFLL
_cFLL
_beng
041 _2eng
_aeng
082 _aZ2,315, N3
100 _aAvtar Singh
245 0 _aLaw and partnership
250 _a2nd
260 _c1993
942 _hZ2,315, N3
_cTEXL
_2CC
999 _c1166859
_d1166859